There music in children (Record no. 148807)

MARC details
000 -LEADER
fixed length control field 00388nam a2200145Ia 4500
005 - DATE AND TIME OF LATEST TRANSACTION
control field 20240821160124.0
008 - FIXED-LENGTH DATA ELEMENTS--GENERAL INFORMATION
fixed length control field 240821s9999||||xx |||||||||||||| ||und||
082 ## - DEWEY DECIMAL CLASSIFICATION NUMBER
Classification number 780.7 SHE
100 ## - MAIN ENTRY--PERSONAL NAME
Personal name Sheehy, Emma Dickson
245 #0 - TITLE STATEMENT
Title There music in children
260 ## - PUBLICATION, DISTRIBUTION, ETC.
Place of publication, distribution, etc. New York
Name of publisher, distributor, etc. Henry Holt & Co.
Date of publication, distribution, etc. 1952
300 ## - PHYSICAL DESCRIPTION
Extent 152p
650 ## - SUBJECT ADDED ENTRY--TOPICAL TERM
Topical term or geographic name entry element ARTS,CRAFTS,MUSIC,SPORTS AND RECREATIONS
942 ## - ADDED ENTRY ELEMENTS (KOHA)
Koha item type Book
Holdings
Withdrawn status Lost status Damaged status Not for loan Home library Current library Date acquired Total checkouts Barcode Date last seen Price effective from Koha item type
        Library and Documentation Division NCERT Library and Documentation Division NCERT 08/21/2024   F5155 08/21/2024 08/21/2024 Book